00588nam a2200157 i 4500001000300000100002500003245015300028260002100181040000800202041000800210942000700218008004100225999001700266856009800283952004900381bg1 aSŁAWIŃSKA, Danuta 0aChemiluminiscencja w procesach powstawania i degradacyjnego utleniania kwasów huminowych oraz jej zastosowania analityczne /cDanuta Sławińska. aSzczecin,c1973. cBPK apol cKS s pl f |000 0 pol  c26058d26058 uhttp://koha.tu.koszalin.pl/cgi-bin/koha/opac-detail.pl?biblionumber=26058yKatalog online BPK 00104070aBPKbBPKcwo17172p01710892yKS